00502nam a2200193Ia 450000500170000000800410001704000190005804100120007708200130008910000220010224500460012425000130017026000310018330000160021450400190023065000200024965100290026985000100029820230609131800.0131103s9999 xx 000 0 und d aLoreto College aEnglish a938bDIC aDickinson,G.Lowes 4aThe Greek view of lifecG.Lowes Dickinson a23rd ed. aCambridge b[s.n.]c[1956] axii,177 p.  aIncludes index aAncient History aGreece - Ancient History aLCLIB